banner-ar

CENSORSHIP: THE KNOT THAT BINDS POWER AND KNOWLEDGE / (Record no. 14160)

MARC details
000 -الفاتح
حقل البيانات ثابتة الطول 00469nam a2200169Ia 4500
008 - عناصر البيانات ثابتة الطول - معلومات عامة
حقل البيانات ثابتة الطول 140319s9999 xx 000 0 eng d
040 ## - مصدر الفهرسة
وكالة الفهرسة الأصلية GCL /
وكالة النسخ GCL
082 04 - رقم تصنيف ديوى العشرى
رقم التصنيف 303.376
رقم المادة J O
100 1# - المدخل الرئيسى - إسم شخصى
الإسم الشخصى JANSEN, SUE CURRY
245 10 - بيان العنوان
العنوان CENSORSHIP: THE KNOT THAT BINDS POWER AND KNOWLEDGE /
بيان المسئوليه,etc JANSEN, SUE CURRY
260 ## - PUBLICATION, DISTRIBUTION, ETC. (IMPRINT)
تاريخ النشر أو التوزيع 1991
300 ## - الوصف المادى
التعداد 282 P
650 04 - المدخل الاضافى بالموضوع-مصطلح موضوعى
مصطلح موضوعي SOCIAL CONTROL
650 04 - المدخل الاضافى بالموضوع-مصطلح موضوعى
مصطلح موضوعي CENSORSHIP
942 ## - عناصر المدخل الإضافي( كوها)
مصدر التصنيف او مخطط الترفيف Dewey Decimal Classification
Koha [default] item type كتاب
260 ## - PUBLICATION, DISTRIBUTION, ETC. (IMPRINT)
-- [S.N] :
-- OXFORD UNIVERSITY PRESS ،
Holdings
حالة التراجع حالة الفقد حالة تلف ليس للاعارة المكان المؤقت الموقع الحالى تاريخ الاكتساب اجمالي اﻻعارات رقم الطلب الباركود تاريخ اخر مشاهدة تاريخ تفعيل السعر نوع وعاء كوها
        مكتبة القاهرة الكبرى مكتبة القاهرة الكبرى 03/26/2014   303.376\J O 26647 03/26/2014 03/26/2014 كتاب

Powered By

EGPV